5HLuxD.jpg

KING HENRY VIII SENIOR AND PRIMARY SCHOOL LIBRARY OPAC

The Dawkins delusion? : (Record no. 1105)

000 -LEADER
fixed length control field 01164pam a2200349 a 4500
001 - CONTROL NUMBER
control field 013618446
003 - CONTROL NUMBER IDENTIFIER
control field Uk
005 - DATE AND TIME OF LATEST TRANSACTION
control field 20211005095018.0
008 - FIXED-LENGTH DATA ELEMENTS--GENERAL INFORMATION
fixed length control field 061201s2007 enk 000 0 eng d
015 ## - NATIONAL BIBLIOGRAPHY NUMBER
National bibliography number GBA6A2020
Source bnb
016 7# - NATIONAL BIBLIOGRAPHIC AGENCY CONTROL NUMBER
Record control number 013618446
Source Uk
020 ## - INTERNATIONAL STANDARD BOOK NUMBER
International Standard Book Number 9780281059270 (pbk.) :
020 ## - INTERNATIONAL STANDARD BOOK NUMBER
International Standard Book Number 0281059276 (pbk.) :
035 ## - SYSTEM CONTROL NUMBER
System control number (IeDuTC)IeDuTCb14581086
040 ## - CATALOGING SOURCE
Original cataloging agency StDuBDS
Language of cataloging eng
Transcribing agency StDuBDS
Modifying agency IeDuTC
-- Uk
082 04 - DEWEY DECIMAL CLASSIFICATION NUMBER
Classification number 211.8 MCG
Edition number 22
100 1# - MAIN ENTRY--PERSONAL NAME
Personal name McGrath, Alister E.,
Dates associated with a name 1953-
245 14 - TITLE STATEMENT
Title The Dawkins delusion? :
Remainder of title atheist fundamentalism and the denial of the divine /
Statement of responsibility, etc. Alister McGrath with Joanna Collicutt McGrath.
260 ## - PUBLICATION, DISTRIBUTION, ETC.
Place of publication, distribution, etc. London :
Name of publisher, distributor, etc. SPCK,
Date of publication, distribution, etc. c2007.
300 ## - PHYSICAL DESCRIPTION
Extent vii, 78 p. ;
Dimensions 22 cm.
336 ## - CONTENT TYPE
Content type term text
Source rdacontent
337 ## - MEDIA TYPE
Media type term unmediated
Source rdamedia
338 ## - CARRIER TYPE
Carrier type term volume
Source rdacarrier
500 ## - GENERAL NOTE
General note Formerly CIP.
Institution to which field applies Uk
504 ## - BIBLIOGRAPHY, ETC. NOTE
Bibliography, etc. note Includes bibliographical references.
600 10 - SUBJECT ADDED ENTRY--PERSONAL NAME
Personal name Dawkins, Richard,
Dates associated with a name 1941-
General subdivision Criticism and interpretation.
600 10 - SUBJECT ADDED ENTRY--PERSONAL NAME
Personal name Dawkins, Richard,
Dates associated with a name 1941-
Title of a work God delusion
General subdivision Criticism and interpretation.
650 #0 - SUBJECT ADDED ENTRY--TOPICAL TERM
Topical term or geographic name entry element Atheism.
650 #0 - SUBJECT ADDED ENTRY--TOPICAL TERM
Topical term or geographic name entry element God
General subdivision Proof.
700 1# - ADDED ENTRY--PERSONAL NAME
Personal name McGrath, Joanna Collicutt.
942 ## - ADDED ENTRY ELEMENTS (KOHA)
Source of classification or shelving scheme
Koha item type Books - Non Ficton
Holdings
Withdrawn status Lost status Source of classification or shelving scheme Damaged status Not for loan Collection code Permanent Location Current Location Shelving location Date acquired Total Checkouts Full call number Barcode Date last seen Date last checked out Price effective from Koha item type
          Non-Fiction KH8 Senior School Library KH8 Senior School Library Non Fiction 2021-10-05 1 211.8 MCG 3KHSL000101832 2022-02-11 2022-02-07 2021-10-05 Books - Non Ficton

Powered By KH8 IT Dept